[Event "IND-ch (Women) 48th"]
[Site "Hatkanangale"]
[Date "2023.01.04"]
[Round "10"]
[White "Swara, Lakshmi S Nair"]
[Black "Bakshi, Rutuja"]
[Result "1-0"]
[WhiteElo "1632"]
[BlackElo "2127"]
[PlyCount "69"]
[EventDate "2022.12.26"]
[EventType "swiss"]
[EventRounds "11"]
[EventCountry "IND"]
[SourceTitle "CBM 212 Extra"]
[Source "ChessBase"]
[SourceDate "2023.03.31"]
[SourceVersion "1"]
[SourceVersionDate "2023.03.31"]
[SourceQuality "1"]

1. e4 e6 2. d4 d5 3. Nd2 c5 4. exd5 exd5 5. Bb5+ Nc6 6. Ngf3 a6 7. Bxc6+ bxc6 8. 0-0 Bd6 9. dxc5 Bxc5 10. Nb3 Bd6 11. Qd4 f6 12. c4 Ne7 13. cxd5 cxd5 14. Re1 0-0 15. Bf4 Bf5 16. Rac1 Bxf4 17. Qxf4 Be4 18. Nfd4 Ng6 19. Qd2 Qb6 20. Kh1 Ne5 21. f3 Bg6 22. Nc6 Nd3 23. Ne7+ Kf7 24. Nc5 Qxb2 25. Qe3 Ne5 26. Nxg6 Kxg6 27. f4 Nc4 28. Qd3+ f5 29. Qxd5 Nb6 30. Qf3 Rae8 31. Nd3 Qa3 32. Ne5+ Kf6 33. Qc6+ Re6 34. Ng4+ Kg6 35. Qxe6+ 1-0

[Event "IND-ch (Women) 48th"]
[Site "Hatkanangale"]
[Date "2022.12.27"]
[Round "2"]
[White "Aparajita, Gochhikar"]
[Black "Bakshi, Rutuja"]
[Result "0-1"]
[WhiteElo "1739"]
[BlackElo "2127"]
[PlyCount "68"]
[EventDate "2022.12.26"]
[EventType "swiss"]
[EventRounds "11"]
[EventCountry "IND"]
[SourceTitle "CBM 212 Extra"]
[Source "ChessBase"]
[SourceDate "2023.03.31"]
[SourceVersion "1"]
[SourceVersionDate "2023.03.31"]
[SourceQuality "1"]

1. e4 e6 2. d4 d5 3. e5 c5 4. c3 Nc6 5. Nf3 Bd7 6. Be2 Nge7 7. Na3 Ng6 8. Nc2 Be7 9. 0-0 0-0 10. Be3 cxd4 11. cxd4 f6 12. exf6 Bxf6 13. Bd3 Be8 14. Qd2 Qd6 15. Bg5 Bxg5 16. Nxg5 h6 17. Nh3 e5 18. dxe5 Ngxe5 19. Be4 Rd8 20. Rad1 Bf7 21. Ne3 d4 22. Nf5 Qf6 23. Nf4 g5 24. Ne2 d3 25. Neg3 Nd4 26. f4 Nc4 27. Qf2 Nxb2 28. Rd2 Ne2+ 29. Nxe2 dxe2 30. Qxe2 Bc4 31. Qh5 Qb6+ 32. Rdf2 Rxf5 33. Bxf5 Bxf1 34. fxg5 Nd1 0-1

[Event "IND-ch (Women) 48th"]
[Site "Hatkanangale"]
[Date "2022.12.26"]
[Round "1"]
[White "Bakshi, Rutuja"]
[Black "Adyasha, Pattnaik"]
[Result "1-0"]
[WhiteElo "2127"]
[BlackElo "1463"]
[PlyCount "87"]
[EventDate "2022.12.26"]
[EventType "swiss"]
[EventRounds "11"]
[EventCountry "IND"]
[SourceTitle "CBM 212 Extra"]
[Source "ChessBase"]
[SourceDate "2023.03.31"]
[SourceVersion "1"]
[SourceVersionDate "2023.03.31"]
[SourceQuality "1"]

1. Nf3 g6 2. c4 Nf6 3. Nc3 Bg7 4. e4 d6 5. d4 0-0 6. h3 c6 7. g3 Nbd7 8. Bg2 a6 9. 0-0 Qc7 10. Be3 Re8 11. Rc1 e5 12. Re1 Bf8 13. Kh2 Nb6 14. b3 c5 15. dxe5 dxe5 16. Bg5 Be7 17. Qc2 Nbd7 18. Red1 b6 19. Rd2 Nf8 20. Bxf6 Bxf6 21. Nd5 Qc6 22. Nxf6+ Qxf6 23. Rcd1 Qe7 24. Rd6 Nd7 25. Qd3 Ra7 26. h4 Kg7 27. Bh3 Rd8 28. Rxb6 Nxb6 29. Qxd8 Qxd8 30. Rxd8 Bxh3 31. Kxh3 Nd7 32. Kg2 Kf6 33. Re8 a5 34. g4 a4 35. g5+ Kg7 36. Nxe5 Nf8 37. f4 axb3 38. axb3 Ra2+ 39. Kg3 Rb2 40. f5 Rxb3+ 41. Kg4 gxf5+ 42. exf5 Rb7 43. f6+ Kg8 44. Nc6 1-0

[Event "Badalona op 46th"]
[Site "Badalona"]
[Date "2022.08.05"]
[Round "4"]
[White "Bakshi, Rutuja"]
[Black "Aronyak, Ghosh"]
[Result "0-1"]
[WhiteElo "2048"]
[BlackElo "2512"]
[PlyCount "113"]
[EventDate "2022.08.02"]
[EventType "swiss"]
[EventRounds "9"]
[EventCountry "ESP"]
[SourceTitle "CBM 209 Extra"]
[Source "ChessBase"]
[SourceDate "2022.09.30"]
[SourceVersion "1"]
[SourceVersionDate "2022.09.30"]
[SourceQuality "1"]

1. d4 d5 2. Nf3 Nf6 3. e3 c5 4. c3 Nbd7 5. Nbd2 b6 6. Bd3 Bb7 7. Ne5 g6 8. 0-0 Bg7 9. f4 0-0 10. Qe2 Qc7 11. b3 Ne4 12. Nxe4 dxe4 13. Bc4 Nf6 14. Bb2 Nd5 15. Bxd5 Bxd5 16. c4 Bb7 17. dxc5 bxc5 18. Ng4 f6 19. Nf2 a5 20. Qc2 Qc6 21. a4 Rfb8 22. Bc3 Qe6 23. Rfd1 Bc6 24. Rab1 f5 25. Bxg7 Kxg7 26. Rd2 Qf6 27. Nd1 g5 28. Nc3 gxf4 29. exf4 Rd8 30. Nd5 Bxd5 31. cxd5 Rac8 32. Rbd1 Rd6 33. Qc4 Rb6 34. g4 Rb4 35. g5 Qd6 36. Qc3+ Kg8 37. Rf1 Rcb8 38. Qe5 Rf8 39. Qe6+ Kg7 40. Qe5+ Qxe5 41. fxe5 e3 42. Rc2 Rg4+ 43. Kh1 f4 44. Rg2 Rh4 45. Re2 Rf5 46. d6 Rxe5 47. dxe7 Rxe7 48. Kg2 Kg6 49. Kf3 Kf5 50. Rc2 Re5 51. Rfc1 e2 52. Rxe2 Rh3+ 53. Kg2 f3+ 54. Kxh3 fxe2 55. Re1 Kf4 56. Kg2 Ke3 57. h4 0-1

[Event "Badalona op 46th"]
[Site "Badalona"]
[Date "2022.08.04"]
[Round "3"]
[White "Chernyak, Viktoria"]
[Black "Bakshi, Rutuja"]
[Result "1/2-1/2"]
[WhiteElo "2239"]
[BlackElo "2048"]
[PlyCount "59"]
[EventDate "2022.08.02"]
[EventType "swiss"]
[EventRounds "9"]
[EventCountry "ESP"]
[SourceTitle "CBM 209 Extra"]
[Source "ChessBase"]
[SourceDate "2022.09.30"]
[SourceVersion "1"]
[SourceVersionDate "2022.09.30"]
[SourceQuality "1"]

1. c4 e5 2. Nc3 Nc6 3. Nf3 g6 4. e3 Bg7 5. d4 d6 6. Be2 Nf6 7. a3 a5 8. b3 0-0 9. Bb2 Nd7 10. h4 h6 11. Qd2 Nb6 12. 0-0-0 exd4 13. exd4 Bg4 14. Qf4 h5 15. Kb1 Bf5+ 16. Kc1 Bg4 17. Rhe1 Qf6 18. Qxf6 Bxf6 19. c5 dxc5 20. dxc5 Nd7 21. Ne4 Bxb2+ 22. Kxb2 Kg7 23. Nfg5 Rad8 24. f3 Bf5 25. g4 hxg4 26. fxg4 Bxe4 27. Nxe4 Rfe8 28. Bb5 Nde5 29. Bxc6 Nxc6 30. g5 1/2-1/2

[Event "Sitges op 46th"]
[Site "Sitges"]
[Date "2022.07.29"]
[Round "8"]
[White "Torres Marques, Sergio"]
[Black "Bakshi, Rutuja"]
[Result "0-1"]
[WhiteElo "1905"]
[BlackElo "2084"]
[PlyCount "54"]
[EventDate "2022.07.22"]
[EventType "swiss"]
[EventRounds "9"]
[EventCountry "ESP"]
[SourceTitle "CBM 209 Extra"]
[Source "ChessBase"]
[SourceDate "2022.09.30"]
[SourceVersion "1"]
[SourceVersionDate "2022.09.30"]
[SourceQuality "1"]

1. e4 e6 2. d4 d5 3. e5 c5 4. c3 Nc6 5. Nf3 Bd7 6. Bd3 cxd4 7. 0-0 dxc3 8. Nxc3 a6 9. Be3 Nge7 10. Na4 Ng6 11. Bb6 Qb8 12. Bxg6 hxg6 13. Rc1 Be7 14. Re1 a5 15. Nc5 Rh5 16. Nxd7 Kxd7 17. Qa4 Ra6 18. Qb5 Bd8 19. Be3 Bc7 20. Rc5 Bxe5 21. Rec1 Bxh2+ 22. Kf1 Bd6 23. Nd4 Bxc5 24. Rxc5 Qc7 25. Bf4 Rh1+ 26. Ke2 Qxf4 27. Qxb7+ Qc7 0-1

[Event "Sitges op 46th"]
[Site "Sitges"]
[Date "2022.07.26"]
[Round "5"]
[White "Bakshi, Rutuja"]
[Black "Shah, Vishwa Megh"]
[Result "1/2-1/2"]
[WhiteElo "2084"]
[BlackElo "1931"]
[PlyCount "49"]
[EventDate "2022.07.22"]
[EventType "swiss"]
[EventRounds "9"]
[EventCountry "ESP"]
[SourceTitle "CBM 209 Extra"]
[Source "ChessBase"]
[SourceDate "2022.09.30"]
[SourceVersion "1"]
[SourceVersionDate "2022.09.30"]
[SourceQuality "1"]

1. c4 c5 2. Nc3 Nc6 3. g3 g6 4. Bg2 Bg7 5. Nf3 e5 6. 0-0 Nge7 7. Ne1 d6 8. Nc2 0-0 9. Ne3 Be6 10. Ned5 Qd7 11. d3 Bh3 12. Rb1 Bxg2 13. Kxg2 f5 14. h3 Nxd5 15. Nxd5 Ne7 16. Nxe7+ Qxe7 17. f3 Rf7 18. e4 Raf8 19. Bd2 f4 20. g4 Bf6 21. Be1 Bh4 22. Bxh4 Qxh4 23. Qe1 Qxe1 24. Rfxe1 a5 25. a4 1/2-1/2

[Event "Barcelona Sant Marti op-A 22nd"]
[Site "Barcelona"]
[Date "2022.07.18"]
[Round "6"]
[White "Bakshi, Rutuja"]
[Black "Barbero Sendic, Alejandro"]
[Result "0-1"]
[WhiteElo "2084"]
[BlackElo "2326"]
[PlyCount "96"]
[EventDate "2022.07.13"]
[EventType "swiss"]
[EventRounds "9"]
[EventCountry "ESP"]
[SourceTitle "CBM 209 Extra"]
[Source "ChessBase"]
[SourceDate "2022.09.30"]
[SourceVersion "1"]
[SourceVersionDate "2022.09.30"]
[SourceQuality "1"]

1. d4 Nf6 2. Nf3 g6 3. g3 Bg7 4. Bg2 0-0 5. 0-0 d6 6. c4 c6 7. Nc3 Bf5 8. Nh4 Be6 9. d5 cxd5 10. cxd5 Bd7 11. Qb3 Qb6 12. Qc2 Na6 13. Be3 Qa5 14. h3 Rfc8 15. Qd2 Nc5 16. Rab1 Qb4 17. Rfc1 a5 18. a3 Qb3 19. Bxc5 Rxc5 20. e4 Rac8 21. Nf3 Qb6 22. Qe3 Qc7 23. Re1 b5 24. Nd4 Ne8 25. f4 Bxd4 26. Qxd4 Rc4 27. Qe3 b4 28. axb4 axb4 29. Ne2 Qc5 30. Qxc5 R8xc5 31. Nc1 Rc2 32. Nd3 R5c4 33. Bf1 Rd4 34. Re3 Nf6 35. Bg2 Bb5 36. Ne1 Rcd2 37. Bf3 Nd7 38. h4 Kg7 39. h5 Nc5 40. hxg6 hxg6 41. g4 Bd3 42. Ra1 Bxe4 43. Bxe4 Rxe4 44. Rxe4 Nxe4 45. b3 Rb2 46. Ra4 Rxb3 47. Nc2 Rb1+ 48. Kg2 Rb2 0-1

[Event "Barcelona Sant Marti op-A 22nd"]
[Site "Barcelona"]
[Date "2022.07.15"]
[Round "3"]
[White "Boers, Matthieu"]
[Black "Bakshi, Rutuja"]
[Result "0-1"]
[WhiteElo "1497"]
[BlackElo "2084"]
[PlyCount "70"]
[EventDate "2022.07.13"]
[EventType "swiss"]
[EventRounds "9"]
[EventCountry "ESP"]
[SourceTitle "CBM 209 Extra"]
[Source "ChessBase"]
[SourceDate "2022.09.30"]
[SourceVersion "1"]
[SourceVersionDate "2022.09.30"]
[SourceQuality "1"]

1. e4 Nf6 2. e5 Nd5 3. d4 d6 4. c4 Nb6 5. Nf3 Bg4 6. exd6 exd6 7. Qe2+ Be7 8. Qe4 Bxf3 9. Qxf3 Nc6 10. Be3 0-0 11. Na3 d5 12. c5 Nc8 13. Nc2 Bf6 14. Bd3 a5 15. g4 Re8 16. 0-0 b6 17. cxb6 cxb6 18. Qh3 g6 19. Qg2 Bg7 20. f4 Nb4 21. Qd2 Qh4 22. Nxb4 Qxg4+ 23. Kf2 axb4 24. Rg1 Qh4+ 25. Kf1 Qh3+ 26. Kf2 Bf6 27. Bf1 Qxh2+ 28. Rg2 Bh4+ 29. Kf3 Qh3+ 30. Ke2 Qe6 31. Rh2 Bg3 32. f5 Qxf5 33. Rh3 Qg4+ 34. Kd3 Nd6 35. Bg2 Nc4 0-1

[Event "Barbera del Valles op 44th"]
[Site "Barbera del Valles"]
[Date "2022.07.07"]
[Round "4"]
[White "Deodhar, Vrushali Umesh"]
[Black "Bakshi, Rutuja"]
[Result "1/2-1/2"]
[WhiteElo "1984"]
[BlackElo "2084"]
[PlyCount "53"]
[EventDate "2022.07.04"]
[EventType "swiss"]
[EventRounds "9"]
[EventCountry "ESP"]
[SourceTitle "EXT 2023"]
[Source "ChessBase"]
[SourceDate "2022.10.05"]
[SourceVersion "1"]
[SourceVersionDate "2022.10.05"]
[SourceQuality "1"]

1. c4 c5 2. Nc3 Nc6 3. Nf3 Nf6 4. d4 cxd4 5. Nxd4 g6 6. e4 d6 7. Be2 Bg7 8. Nc2 0-0 9. 0-0 a6 10. b3 Rb8 11. Be3 Ng4 12. Bxg4 Bxg4 13. Qxg4 Bxc3 14. Rad1 Qc8 15. Qxc8 Rfxc8 16. Bb6 Ba5 17. Bxa5 Nxa5 18. Ne3 Nc6 19. Nd5 b5 20. cxb5 axb5 21. Rc1 Kf8 22. f4 Nd4 23. Kf2 Nc6 24. Nc3 Nd4 25. Nd5 Nc6 26. Nc3 Nd4 27. Nd5 1/2-1/2

[Event "New Delhi Parsvnath op-A 18th"]
[Site "New Delhi"]
[Date "2020.01.12"]
[Round "6"]
[White "Yakubboev, Nodirbek"]
[Black "Bakshi, Rutuja"]
[Result "1-0"]
[WhiteElo "2597"]
[BlackElo "2118"]
[PlyCount "85"]
[EventDate "2020.01.09"]
[EventType "swiss"]
[EventRounds "10"]
[EventCountry "IND"]
[SourceTitle "CBM 194 Extra"]
[Source "ChessBase"]
[SourceDate "2020.03.31"]
[SourceVersion "1"]
[SourceVersionDate "2020.03.31"]
[SourceQuality "1"]

1. b4 d5 2. Bb2 Nf6 3. e3 c6 4. c4 g6 5. Nf3 Bg7 6. Nc3 0-0 7. d4 Bg4 8. h3 Bxf3 9. Qxf3 dxc4 10. Bxc4 Nbd7 11. 0-0 e5 12. b5 exd4 13. exd4 Nb6 14. Bb3 Qd6 15. bxc6 bxc6 16. Rfd1 a5 17. Na4 Nbd5 18. Rac1 Rab8 19. Rc5 Ra8 20. Ba3 Qd7 21. Rc2 Rfc8 22. Nc5 Qa7 23. Bc1 Nb6 24. Na4 Nfd5 25. Nxb6 Qxb6 26. Bg5 h6 27. Bh4 g5 28. Bg3 a4 29. Rxc6 Rxc6 30. Bxd5 Rf6 31. Bxf7+ Rxf7 32. Qxa8+ Rf8 33. Qxa4 Rd8 34. d5 Bf8 35. Qe4 Qf6 36. d6 Qf7 37. a4 Rd7 38. a5 Qb3 39. Re1 Qf7 40. a6 Bxd6 41. Bxd6 Rxd6 42. a7 Qxa7 43. Qe8+ 1-0

[Event "Mumbai Wealth op 5th"]
[Site "Mumbai"]
[Date "2020.01.01"]
[Round "3"]
[White "Souhardo, Basak"]
[Black "Bakshi, Rutuja"]
[Result "1-0"]
[WhiteElo "2254"]
[BlackElo "2075"]
[PlyCount "64"]
[EventDate "2019.12.30"]
[EventType "swiss"]
[EventRounds "9"]
[EventCountry "IND"]
[SourceTitle "CBM 194 Extra"]
[Source "ChessBase"]
[SourceDate "2020.03.31"]
[SourceVersion "1"]
[SourceVersionDate "2020.03.31"]
[SourceQuality "1"]

1. e4 e6 2. d4 d5 3. Nd2 c5 4. exd5 exd5 5. Ngf3 Nc6 6. Bb5 Bd6 7. 0-0 Nge7 8. dxc5 Bxc5 9. Nb3 Bd6 10. Re1 Bg4 11. Be2 0-0 12. Nfd4 Bxe2 13. Rxe2 a6 14. Bg5 Qc7 15. Bc1 Qd8 16. Bg5 Qc7 17. Bxe7 Nxe7 18. g3 Rad8 19. c3 Be5 20. Qe1 Bf6 21. Qd2 g6 22. Rae1 Nc8 23. Qe3 Ne7 24. Qd2 Nc8 25. Qe3 Nb6 26. Qf3 Nc8 27. Qe3 Nb6 28. Qf3 Bg7 29. Re7 Rd7 30. Re8 Qd6 31. R8e2 Qc7 32. Re8 Qd6 1-0

[Event "IND-ch 57th"]
[Site "Majitar"]
[Date "2019.12.14"]
[Round "6"]
[White "Sharma, Dinesh Kumar"]
[Black "Bakshi, Rutuja"]
[Result "0-1"]
[WhiteElo "2307"]
[BlackElo "2075"]
[PlyCount "80"]
[EventDate "2019.12.10"]
[EventType "swiss"]
[EventRounds "11"]
[EventCountry "IND"]
[SourceTitle "CBM 193 Extra"]
[Source "ChessBase"]
[SourceDate "2020.01.31"]
[SourceVersion "1"]
[SourceVersionDate "2020.01.31"]
[SourceQuality "1"]

1. e4 e6 2. d4 d5 3. Nc3 Bb4 4. e5 c5 5. a3 Bxc3+ 6. bxc3 Qc7 7. Qg4 f5 8. exf6 Nxf6 9. Qg3 Qa5 10. Bd2 0-0 11. Qd3 Ne4 12. Nf3 c4 13. Qe3 Qa4 14. Be2 Qxc2 15. 0-0 Rxf3 16. Bxf3 Nxd2 17. Bxd5 Qf5 18. Bxe6+ Bxe6 19. Qxd2 Nc6 20. Rae1 Bd5 21. Re3 Rf8 22. Rg3 a6 23. Rg5 Qf7 24. Re1 b5 25. h3 h6 26. Rg4 Kh7 27. Qc2+ Qf5 28. Qd2 a5 29. Rg3 Rb8 30. Kh2 b4 31. axb4 axb4 32. cxb4 Rxb4 33. Re8 Rb3 34. Ree3 Rxe3 35. Qxe3 Qe4 36. Qa3 Nxd4 37. Qd6 c3 38. Rg4 Qe6 39. Qc7 Qg6 40. Rf4 Ne6 0-1

[Event "IND-ch 57th"]
[Site "Majitar"]
[Date "2019.12.12"]
[Round "4"]
[White "Bharat, Kumar Reddy Poluri"]
[Black "Bakshi, Rutuja"]
[Result "1/2-1/2"]
[WhiteElo "2337"]
[BlackElo "2075"]
[PlyCount "43"]
[EventDate "2019.12.10"]
[EventType "swiss"]
[EventRounds "11"]
[EventCountry "IND"]
[SourceTitle "CBM 193 Extra"]
[Source "ChessBase"]
[SourceDate "2020.01.31"]
[SourceVersion "1"]
[SourceVersionDate "2020.01.31"]
[SourceQuality "1"]

1. e4 e6 2. d4 d5 3. Nd2 c5 4. exd5 exd5 5. Ngf3 Nc6 6. Be2 Bd6 7. dxc5 Bxc5 8. 0-0 Nge7 9. Nb3 Bd6 10. Bg5 0-0 11. Bh4 Bg4 12. Nfd4 Bxe2 13. Qxe2 Qd7 14. Rad1 Rfe8 15. Bxe7 Bxe7 16. Qf3 Kh8 17. Nb5 Rad8 18. g3 a6 19. Nc3 f5 20. Qg2 d4 21. a3 a5 22. Nxa5 1/2-1/2

[Event "Wch U20 Girls 37th"]
[Site "New Delhi"]
[Date "2019.10.24"]
[Round "10"]
[White "Bauyrzhan, Arnash"]
[Black "Bakshi, Rutuja"]
[Result "1-0"]
[WhiteElo "2075"]
[BlackElo "2029"]
[PlyCount "75"]
[EventDate "2019.10.15"]
[EventType "swiss"]
[EventRounds "11"]
[EventCountry "IND"]
[SourceTitle "CBM 192 Extra"]
[Source "Chessbase"]
[SourceDate "2019.11.06"]
[SourceVersion "1"]
[SourceVersionDate "2019.11.06"]
[SourceQuality "1"]

1. e4 e6 2. d4 d5 3. Nd2 a6 4. Ngf3 c5 5. dxc5 Bxc5 6. Bd3 Nf6 7. 0-0 Nc6 8. e5 Ng4 9. Nb3 Ba7 10. Bf4 Qc7 11. h3 Ngxe5 12. Nxe5 Nxe5 13. Qh5 Bb8 14. Bg3 g6 15. Qh6 f5 16. Rae1 Nf7 17. Qg7 Qe7 18. Bxb8 Rxb8 19. c4 Qf8 20. Qd4 Qd6 21. cxd5 e5 22. f4 e4 23. Qg7 Qf8 24. Qf6 Qd6 25. Qg7 Qf8 26. Qd4 Qd6 27. Nd2 b5 28. Bxe4 0-0 29. Bf3 Rd8 30. Nb3 b4 31. Re3 Rb5 32. Rfe1 Kf8 33. Nd2 Bb7 34. Nc4 Qc5 35. Qf6 Bxd5 36. Bxd5 Qxd5 37. Ne5 Rb7 38. Nxf7 1-0

[Event "Wch U20 Girls 37th"]
[Site "New Delhi"]
[Date "2019.10.18"]
[Round "5"]
[White "Bakshi, Rutuja"]
[Black "Munkhzul, Turmunkh"]
[Result "0-1"]
[WhiteElo "2029"]
[BlackElo "2332"]
[PlyCount "142"]
[EventDate "2019.10.15"]
[EventType "swiss"]
[EventRounds "11"]
[EventCountry "IND"]
[SourceTitle "CBM 192 Extra"]
[Source "Chessbase"]
[SourceDate "2019.11.06"]
[SourceVersion "1"]
[SourceVersionDate "2019.11.06"]
[SourceQuality "1"]

1. Nf3 Nf6 2. c4 e6 3. d4 b6 4. g3 Bb7 5. Bg2 Bb4+ 6. Bd2 Bxd2+ 7. Nbxd2 0-0 8. Qc2 d6 9. 0-0 Nbd7 10. Rad1 Qe7 11. e4 e5 12. Rfe1 a5 13. b3 Rfe8 14. h3 Nf8 15. Qc3 Ng6 16. Nh2 exd4 17. Qxd4 Qe5 18. Qd3 Qc5 19. Nhf1 Ne5 20. Qb1 Nc6 21. Ne3 Nd4 22. Qd3 Nc6 23. Qb1 Nb4 24. Nd5 Nbxd5 25. cxd5 b5 26. Nf3 Rad8 27. Qd3 Qb6 28. Nd4 b4 29. Bf1 Re7 30. Re3 Rde8 31. Bg2 Nd7 32. Rde1 Nc5 33. Qd1 f6 34. Kh2 Bc8 35. Qd2 Bd7 36. f4 Ra8 37. f5 Bb5 38. g4 Nd7 39. Rg3 h6 40. h4 Kf7 41. Ne6 Rh8 42. Bf3 c5 43. Kg2 Ree8 44. g5 hxg5 45. hxg5 Reg8 46. Rh1 Rxh1 47. Kxh1 Qb8 48. Bh5+ Ke7 49. Qg2 g6 50. gxf6+ Nxf6 51. Bxg6 Rh8+ 52. Rh3 Bd3 53. Ng5 c4 54. bxc4 b3 55. axb3 Rxh3+ 56. Qxh3 Qxb3 57. Qh8 Qd1+ 58. Kh2 Qd2+ 59. Kh1 Qc1+ 60. Kh2 Qb2+ 61. Kg1 Qa1+ 62. Kg2 Bf1+ 63. Kf3 Qc3+ 64. Kf4 Nxd5+ 65. cxd5 Qxh8 66. Nh7 a4 67. f6+ Qxf6+ 68. Nxf6 Kxf6 69. e5+ dxe5+ 70. Ke3 Kxg6 71. d6 Bb5 0-1

[Event "Wch U20 Girls 37th"]
[Site "New Delhi"]
[Date "2019.10.16"]
[Round "2"]
[White "Bakshi, Rutuja"]
[Black "Priyanka, K."]
[Result "0-1"]
[WhiteElo "2029"]
[BlackElo "2173"]
[PlyCount "96"]
[EventDate "2019.10.15"]
[EventType "swiss"]
[EventRounds "11"]
[EventCountry "IND"]
[SourceTitle "CBM 192 Extra"]
[Source "Chessbase"]
[SourceDate "2019.11.06"]
[SourceVersion "1"]
[SourceVersionDate "2019.11.06"]
[SourceQuality "1"]

1. Nf3 Nf6 2. c4 g6 3. g3 Bg7 4. Bg2 d6 5. Nc3 0-0 6. 0-0 c6 7. d4 Bf5 8. Nh4 Be6 9. d5 cxd5 10. cxd5 Bd7 11. Nf3 Na6 12. h3 Qb6 13. e4 Rfc8 14. Qe2 Nc5 15. Be3 Qa6 16. Qxa6 bxa6 17. Bxc5 Rxc5 18. e5 Ne8 19. Rfe1 Kf8 20. Rad1 Rb8 21. Rd2 h6 22. Bf1 a5 23. Bd3 Bxh3 24. Bb1 dxe5 25. Nxe5 Bxe5 26. Rxe5 Rxc3 27. bxc3 Rxb1+ 28. Kh2 Bf1 29. f4 Nd6 30. Rf2 Bc4 31. Rd2 a4 32. g4 a3 33. g5 Rb2 34. Rg2 Bf1 35. Rxb2 axb2 36. Re1 Bd3 37. gxh6 b1Q 38. Rxb1 Bxb1 39. h7 Kg7 40. h8Q+ Kxh8 41. a4 a5 42. Kg1 Bc2 43. Kf2 Bxa4 44. Ke3 Bb3 45. Kd2 a4 46. Kc1 a3 47. Kb1 Nc4 48. Ka1 Ne3 0-1

[Event "Western Asia-ch U20 Girls"]
[Site "Delhi"]
[Date "2019.09.09"]
[Round "7"]
[White "Bakshi, Rutuja"]
[Black "Vantika, Agrawal"]
[Result "1/2-1/2"]
[WhiteElo "2002"]
[BlackElo "2304"]
[PlyCount "78"]
[EventDate "2019.09.06"]
[EventType "swiss"]
[EventRounds "9"]
[EventCountry "IND"]
[SourceTitle "CBM 192 Extra"]
[Source "Chessbase"]
[SourceDate "2019.11.06"]
[SourceVersion "1"]
[SourceVersionDate "2019.11.06"]
[SourceQuality "1"]

1. d4 Nf6 2. Nf3 g6 3. g3 Bg7 4. Bg2 0-0 5. 0-0 d6 6. c4 Nc6 7. Nc3 e5 8. dxe5 Nxe5 9. Nxe5 dxe5 10. Bg5 Qxd1 11. Rfxd1 c6 12. Bxf6 Bxf6 13. Ne4 Be7 14. Nd6 Bxd6 15. Rxd6 Be6 16. b3 Rfd8 17. Rad1 Rxd6 18. Rxd6 Kf8 19. Kf1 Ke7 20. Rd2 a5 21. a4 g5 22. Ke1 h5 23. Be4 h4 24. f3 f5 25. Bc2 hxg3 26. hxg3 Rh8 27. e4 f4 28. g4 Bd7 29. c5 Be6 30. Bd1 b6 31. cxb6 Rb8 32. Rd3 Rxb6 33. Kd2 c5 34. Rc3 Kd6 35. Kc2 c4 36. bxc4 Kc5 37. Rd3 Rb4 38. Kd2 Bxc4 39. Rd7 Be6 1/2-1/2

[Event "Western Asia-ch U20 Girls"]
[Site "Delhi"]
[Date "2019.09.08"]
[Round "5"]
[White "Bommini, Mounika Akshaya"]
[Black "Bakshi, Rutuja"]
[Result "0-1"]
[WhiteElo "2055"]
[BlackElo "2002"]
[PlyCount "114"]
[EventDate "2019.09.06"]
[EventType "swiss"]
[EventRounds "9"]
[EventCountry "IND"]
[SourceTitle "CBM 192 Extra"]
[Source "Chessbase"]
[SourceDate "2019.11.06"]
[SourceVersion "1"]
[SourceVersionDate "2019.11.06"]
[SourceQuality "1"]

1. b4 Nf6 2. Bb2 g6 3. Nf3 Bg7 4. c4 0-0 5. e3 c6 6. Be2 d5 7. c5 Bg4 8. d4 Bxf3 9. gxf3 Nfd7 10. f4 f6 11. Qc2 e5 12. f5 e4 13. fxg6 hxg6 14. Nd2 f5 15. 0-0-0 a5 16. b5 cxb5 17. Rdg1 Kh7 18. Bxb5 Nc6 19. h4 Bh6 20. Kb1 Rc8 21. Qb3 Nf6 22. Be2 Qc7 23. f4 exf3 24. Nxf3 Qe7 25. Ng5+ Kg7 26. Bf3 a4 27. Qd3 Ne4 28. Bxe4 fxe4 29. Qe2 Nb4 30. Qg4 Rc6 31. h5 Bxg5 32. Qxg5 Rf1+ 33. Rxf1 Qxg5 34. h6+ Qxh6 35. Rxh6 Kxh6 36. Bc3 Nd3 37. Kc2 b6 38. cxb6 Rxb6 39. Rf7 g5 40. Kd2 g4 41. Ke2 g3 42. Kf1 Rc6 43. Ba5 Rc2 44. a3 Nb2 45. Bc7 Nc4 46. Bxg3 Nxe3+ 47. Ke1 Kg6 48. Rd7 Rc3 49. Ke2 Rxa3 50. Bf2 Ng4 51. Bh4 Rh3 52. Bd8 a3 53. Ra7 a2 54. Bc7 Rf3 55. Ra6+ Kf5 56. Ra5 Rf2+ 57. Ke1 Rb2 0-1

[Event "IND-ch (Women) 46th"]
[Site "Managiri"]
[Date "2019.07.22"]
[Round "5"]
[White "Bakshi, Rutuja"]
[Black "Thamaraiselvi, P."]
[Result "1-0"]
[WhiteElo "1958"]
[BlackElo "1752"]
[PlyCount "121"]
[EventDate "2019.07.19"]
[EventType "swiss"]
[EventRounds "11"]
[EventCountry "IND"]
[SourceTitle "EXT 2020"]
[Source "ChessBase"]
[SourceDate "2019.10.17"]
[SourceVersion "1"]
[SourceVersionDate "2019.10.17"]
[SourceQuality "1"]

1. c4 Nf6 2. Nf3 e6 3. g3 b6 4. Bg2 Bb7 5. 0-0 Be7 6. b3 0-0 7. Bb2 d5 8. Qc2 Nbd7 9. Ne5 c5 10. d3 Qc7 11. Nxd7 Qxd7 12. e4 dxe4 13. dxe4 Qc6 14. Nc3 Rfd8 15. f4 Rd4 16. Rf2 Ng4 17. Re2 Qd7 18. Bh3 h5 19. Nb5 Rd3 20. Bxg4 hxg4 21. Nc7 Rd8 22. Nd5 Rf3 23. Ne3 f5 24. Rd1 Qc6 25. Rxd8+ Bxd8 26. Qd2 Bc7 27. Qc3 Qd7 28. Qe1 Bxe4 29. Nxg4 Rd3 30. Nf2 Rd6 31. Be5 Rc6 32. Nxe4 Bxe5 33. fxe5 fxe4 34. Rd2 Qe7 35. Qxe4 Rc8 36. Qg6 Re8 37. Rd6 Kf8 38. Qh5 Kg8 39. Qg6 Kf8 40. Qg4 Kf7 41. Qf4+ Kg6 42. h4 Rd8 43. Qe4+ Kf7 44. Qf3+ Kg8 45. Qc6 Rf8 46. Qd7 Re8 47. Qxe7 Rxe7 48. Kg2 Kf7 49. Kf3 Rc7 50. Kf4 Rb7 51. Kg5 a6 52. Rc6 Ke7 53. Kg6 Kd7 54. Rd6+ Ke7 55. Kxg7 b5 56. Rxa6 bxc4 57. bxc4 Rb4 58. Ra7+ Ke8 59. Kf6 Rxc4 60. Kxe6 Kf8 61. Kf6 1-0

[Event "Commonwealth-ch U20 Girls"]
[Site "New Delhi"]
[Date "2019.07.07"]
[Round "7.1"]
[White "Chandreyee, Hajra"]
[Black "Bakshi, Rutuja"]
[Result "0-1"]
[WhiteElo "1868"]
[BlackElo "1958"]
[PlyCount "66"]
[EventDate "2019.07.01"]
[EventType "swiss"]
[EventRounds "7"]
[EventCountry "IND"]
[SourceTitle "EXT 2024"]
[Source "ChessBase"]
[SourceDate "2023.10.10"]
[SourceVersion "1"]
[SourceVersionDate "2023.10.10"]
[SourceQuality "1"]

1. e4 e6 2. d4 d5 3. exd5 exd5 4. Nf3 Nc6 5. Bd3 Bd6 6. 0-0 Bg4 7. c3 Nge7 8. a4 Qd7 9. b4 Nd8 10. a5 f6 11. h3 Bh5 12. Ne5 fxe5 13. Qxh5+ g6 14. Bxg6+ Nxg6 15. dxe5 Be7 16. f4 0-0 17. Be3 c5 18. bxc5 Rc8 19. Qe2 Bxc5 20. Bxc5 Rxc5 21. e6 Nxe6 22. f5 Nef4 23. Qe3 d4 24. cxd4 Rcxf5 25. Nc3 Rg5 26. Kh1 Rxg2 27. Rg1 Rxg1+ 28. Rxg1 Qd8 29. Qe4 Qxa5 30. Qe5 Ne2 31. Nxe2 Qd5+ 32. Kh2 Rf2+ 33. Rg2 Rxg2+ 0-1